|
|
|
|
| LEADER |
00000nam0a2200000 4500 |
| 001 |
243028 |
| 005 |
20231101231933.0 |
| 035 |
|
|
|a (RuTPU)RU\TPU\book\264361
|
| 035 |
|
|
|a RU\TPU\book\231731
|
| 090 |
|
|
|a 243028
|
| 100 |
|
|
|a 20120322d1965 m y0rusy50 ca
|
| 101 |
0 |
|
|a rus
|
| 102 |
|
|
|a RU
|
| 105 |
|
|
|a a z 000zy
|
| 200 |
1 |
|
|a В погоне за красотой
|f В. П. Смилга
|
| 210 |
|
|
|a Москва
|c Молодая гвардия
|d 1965
|
| 215 |
|
|
|a 240 с.
|c ил.
|
| 225 |
1 |
|
|a Эврика
|
| 600 |
|
0 |
|a Евклид
|c древнегреческий математик
|f около 365-300 до н.э.
|2 stltpush
|3 (RuTPU)RU\TPU\pers\4398
|9 995
|
| 600 |
|
1 |
|a Лобачевский
|g Николай Иванович
|c российский математик
|f 1792-1856
|b Н. И.
|2 stltpush
|3 (RuTPU)RU\TPU\pers\981
|
| 606 |
1 |
|
|a Геометрия
|2 stltpush
|3 (RuTPU)RU\TPU\subj\6171
|9 34123
|
| 610 |
1 |
|
|a доказательства
|
| 610 |
1 |
|
|a неевклидова геометрия
|
| 610 |
1 |
|
|a новые идеи
|
| 610 |
1 |
|
|a история
|
| 675 |
|
|
|a 514
|v 3
|
| 700 |
|
1 |
|a Смилга
|b В. П.
|g Вольдемар Петрович
|
| 801 |
|
1 |
|a RU
|b 63413507
|c 20130914
|
| 801 |
|
2 |
|a RU
|b 63413507
|c 20131022
|g RCR
|
| 942 |
|
|
|c BK
|